| 000 | 00385nam a22001337a 4500 | ||
|---|---|---|---|
| 082 |
_a495.1834 _bPOS |
||
| 100 | _aWorld Heritage Site of China | ||
| 245 |
_aPostcards collection of the Terra-cotta Army/ _cWorld Heritage Site of China |
||
| 260 |
_aChina: _bWorld Heritage Site of China; _c- |
||
| 300 | _a- | ||
| 563 | _aPB | ||
| 650 |
_aPostcards _9118530 |
||
| 942 |
_2ddc _cPIC |
||
| 999 |
_c606753 _d606753 |
||